| 000 | 01138cam a2200349 i 4500 | ||
|---|---|---|---|
| 001 | 200468144 | ||
| 003 | TR-AnTOB | ||
| 005 | 20260416133809.0 | ||
| 007 | ta | ||
| 008 | 260416t20012001tu b 000 0 tur | ||
| 020 |
_a9756981393 _q(paperback) |
||
| 020 |
_a9789756981399 _q(paperback) |
||
| 035 | _a(TR-AnTOB)200468144 | ||
| 040 |
_aGAZIU _beng _erda _cGAZIU _dTR-AnTOB |
||
| 041 | 0 | _aeng | |
| 050 | 4 |
_aPS351 _bU852 2001 |
|
| 090 |
_aPS351 _bU852 2001 |
||
| 100 | 1 |
_aUslu, A. Didem _eauthor _4aut _9153716 |
|
| 245 | 1 | 0 |
_aAmerikan tiyatrosunda düşler : _boyun yazarları, yapıtlar, evreler, akımlar / _cDidem Uslu. |
| 264 | 1 |
_aİzmir : _bDokuz Eylül Yayınları, _c2001. |
|
| 264 | 4 | _c©2001 | |
| 300 |
_a436 pages ; _c21 cm |
||
| 336 |
_atext _btxt _2rdacontent |
||
| 337 |
_aunmediated _bn _2rdamedia |
||
| 338 |
_avolume _bnc _2rdacarrier |
||
| 490 | 0 |
_aDokuz Eylül yayınları. _aTarih ; _v11 |
|
| 504 | _aBIB | ||
| 650 | 7 |
_aAmerikan draması _y20. yüzyıl _xTarih ve eleştiri _2etuturkob _993436 |
|
| 650 | 7 |
_aTiyatro _zAmerika Birleşik Devletleri _2etuturkob _9153717 |
|
| 942 |
_2lcc _cBK |
||
| 999 |
_c200468144 _d86356 |
||